000 00456cam a2200181ua 4500
001 10635
008 190323n ii |||gr||||Z||||||eng
020 _a9788131606261
040 _cMAIN
082 _a361.954
100 _aRam Ahuja,
_eAuthor.,
245 _aSocial problems in india
250 _a3rd ed rep.
260 _aJaipur:
_bRawat publications,
_c2016.
300 _a576p.
653 _aSocial problems & social welfare in general
942 _cBK
999 _c9607
_d9607